000 01292nam0a22002891 4500
001 rc\2948265
005 20110829155847.3
035 _a(NLR Aleph) 007096138
090 _a6623458
_c6623458
100 _a20110829d1938 |||y0rusy50 ca
101 0 _arus
102 _aRU
105 _ay z |||||
200 1 _aПрограммы средней школы
_iРусский язык и литературное чтение (V-VII классы)
_iЛитература (VIII-X классы)
_fУпр. средней школы НКП РСФСР
205 _aДоп., испр. изд.
210 _a[Москва]
_cНаркомпрос РСФСР
_d1938
_gтипо-литогр. им. Воровского
215 _a72 с.
_d21 см
300 _aНа обороте тит. л.: "В сост. принимали участие: С.А. Смирнов, П.М. Минин, Е.И. Кореневский [и др.]
702 1 _aСмирнов
_bС. А.
_gСергей Александрович
_4220
702 1 _aМинин
_bП. М.
_4220
702 1 _aКореневский
_bЕ. И.
_4220
712 0 1 _aРСФСР
_bУправление средней школы
_4570
801 0 _aRU
_bNLR
_gpsbo
801 1 _aRU
_bELAR
_2rusmarc
852 _aNLR
_j38-10/4989
942 _cBOOK
980 _aNB